| 000 | 00000nas##2200000za#4500 |
| 001 | 9.511751 |
| 003 | CaOODSP |
| 005 | 20200331214926 |
| 007 | ta |
| 008 | 150406c1999||||xxc|| p #||||f| |0fre|d |
| 022 | |a1910-2704 |
| 040 | |aCaOODSP|bfre |
| 041 | |aeng |
| 041 | |afre |
| 043 | |an-cn--- |
| 086 | 1 |aHS55 |
| 110 | 1 |aCanada.|bBureau du Commissaire des Tribunaux de révision, Régime de pensions du Canada/Sécurité de la vieillesse. |
| 245 | 10|aTribunaux de révision du Régime de pensions du Canada et de la Sécurité de la vieillesse - rapport annuel |
| 246 | 3 |aRapport annuel du BCTR |
| 260 | |aOttawa - Ontario : |bBureau du Commissaire des Tribunaux de révision, Régime de pensions du Canada/Sécurité de la vieillesse |
| 310 | |aAnnuel |
| 362 | 1 |a1998/1999 -- |
| 500 | |aRapport biennal en 2002-2004. |
| 776 | 0#|tTribunaux de révision du Régime de pensions du Canada et de la Sécurité de la vieillesse, rapport annuel.|w(CaOODSP)9.502205 |
| 776 | 0#|tCanada Pension Plan/Old Age Security review tribunals - annual report |w(CaOODSP)9.505800 |
| 791 | |tCanada Pension Plan/Old Age Security review tribunals - annual report |eeng|w(CaOODSP)9.511750 |